header

Junie B. Jones is a Beauty shop Guy (Record no. 260752)

MARC details
000 -LEADER
fixed length control field 00249nam a22001097a 4500
020 ## - INTERNATIONAL STANDARD BOOK NUMBER
ISBN 978067988311
100 ## - MAIN ENTRY--AUTHOR NAME
Personal name Barbara Park
245 ## - TITLE STATEMENT
Title Junie B. Jones is a Beauty shop Guy
260 ## - PUBLICATION, DISTRIBUTION, ETC. (IMPRINT)
Place of publication New York
Name of publisher Random House
300 ## - PHYSICAL DESCRIPTION
Number of Pages 67 pgs.
942 ## - ADDED ENTRY ELEMENTS (KOHA)
Koha item type Long Loan Books
Holdings
Withdrawn status Lost status Collection code Home library Current library Shelving location Date acquired Koha item type
    Fiction Rongo University Library Rongo University Library Children's Area 04/10/2023 Long Loan Books

© 2026 Rongo University
Contact us: librarian | system librarian | Rongo university